LEADER 02772njm a2200721 a 4500
001 000535497
003 CZ BrMZK
005 20160804143600.0
008 000105s1998 xr f cze d
028 0 3 |a 0003-2  |b Moravia Artist Management 
040 |a BOA001  |b cze 
041 1 |a cze  |a lat 
080 |a 784.1.087.684(086.7)  |2 MRF 
080 |a 783"14/19"(086.7)  |2 MRF 
110 2 |a Moravští madrigalisté (pěvecký sbor)  |7 kn20010724490  |4 prf 
245 1 0 |a Moravští madrigalisté  |h [zvukový záznam] /  |c Moravští Madrigalisté Kroměříž. 
246 3 3 |a Viver lieto voglio 
246 3 3 |a Zvěstování 
246 3 3 |a Alleluia 
246 3 3 |a Ave verum corpus 
246 3 3 |a Ave, maris stella 
246 3 3 |a Caligaverunt oculi mei 
246 3 3 |a Cor mio 
246 3 3 |a Eli, Eli 
246 3 3 |a Exsultate iusti 
246 3 3 |a Iubilate Doe 
246 3 3 |a Kačena divoká 
246 3 3 |a Lacrimosa 
246 3 3 |a O magnum mysterium 
246 3 3 |a Os iusti 
246 3 3 |a PAter mi 
246 3 3 |a Sen 
246 3 3 |a Stabat Mater 
246 3 3 |a Tu solus qui facis mirabilia 
260 |a Brno :  |b Moravia Artist Management,  |c c1998 
300 |a 1 CD :  |b DDD ;  |c 12 cm +  |e 1 složený list. 
306 |a 005608 
500 |a Nahr. 1997 
500 |a Durata 56:08 
500 |a Text v brož. vícejaz. 
505 2 |a To solus qui facis mirabilia, Exsultate iusti, Ave verum corpus ... [et al.] 
653 0 |a Stabat mater  |a duchovní hudba  |a smíšené sbory 
700 1 |a Victoria, Tomás Luis de,  |d asi 1548-1611  |7 js20031110003  |4 cmp 
700 1 |a Zelenka, Jan Dismas,  |d 1679-1745  |7 jn19990010036  |4 cmp 
700 1 |a Bruckner, Anton,  |d 1824-1896  |7 jn20000601042  |4 cmp 
700 1 |a Byrd, William,  |d 1543-1623  |7 jn19990001283  |4 cmp 
700 1 |a Viadana, Lodovico,  |d asi 1560-1627  |7 jn20040106003 
700 0 |a Josquin Des Prés,  |d asi 1440-1521  |7 js20020122079 
700 1 |a Lasso, Orlando di,  |d asi 1532-1594  |7 jn20000603669  |4 cmp 
700 1 |a Dočkal, Radek,  |d 1966-  |7 jn20010602150 
700 1 |a Gastoldi, Giovanni Giacomo,  |d 1550-1622  |7 jn20030924039  |4 cmp 
700 1 |a Grieg, Edvard,  |d 1843-1907  |7 jn19990002879  |4 cmp 
700 1 |a Janáček, Leoš,  |d 1854-1928  |7 jk01050745  |4 cmp 
700 1 |a Martinů, Bohuslav,  |d 1890-1959  |7 jk01080381  |4 cmp 
700 1 |a Monteverdi, Claudio,  |d 1567-1643  |7 jn19990005799  |4 cmp 
700 1 |a Procaccioli, Stefano,  |d 1960-  |7 mzk2014843574  |4 cmp 
700 1 |a Thompson, Randall,  |d 1899-1984  |7 ola2006340217  |4 cmp 
700 1 |a Tučapský, Antonín,  |d 1928-2014  |7 jk01140313  |4 cmp 
910 |a BOA001  |b CD-0009.014 
964 |a Hudba duchovní  |z stol.15.-20.  |x CD 
964 |a Sbory smíšené a cappella  |x CD 
990 |a AV 
996 6 |b 261H009703  |c CD-0009.014  |l MZK  |r Sklad / do 24 hodin  |n 0  |p p.v.  |w 000535497  |u 000010  |a 1  |e BOA001  |j MZK50  |s P